| 000 | 00887cam a22002771a 4500 | ||
|---|---|---|---|
| 999 |
_c22368 _d22368 |
||
| 001 | 6930896 | ||
| 003 | OSt | ||
| 005 | 20200515090739.0 | ||
| 008 | 900227q18801889ilu 000 0beng | ||
| 010 | _a 44044744 | ||
| 035 | _a(OCoLC)21129443 | ||
| 040 |
_aDLC _coclc _dNcRS _dDLC |
||
| 042 | _apremarc | ||
| 050 | 0 | 0 |
_aPS2052 _b.B4 |
| 082 |
_a297.63 _bIRV/M |
||
| 100 |
_aIrving, Washington _d1783-1859. _92280 |
||
| 245 | 1 | 0 |
_aMahomet and his successors / _cby Washington Irving. |
| 260 |
_aChicago : _bBelford, Clarke & Co., _c[188-?] |
||
| 300 |
_a499 p. ; _c20 cm. |
||
| 490 | 0 | _aIrving's works | |
| 500 | _aOn spine: Irving's works : Life of Mahomet. | ||
| 650 | 0 |
_aHistory & geography _vIslamic History _92271 |
|
| 740 | 0 | _aLife of Mahomet. | |
| 906 |
_a7 _bcbc _coclcrpl _du _encip _f19 _gy-gencatlg |
||
| 942 |
_2ddc _cBK _h297.63 _iIRV/M _k297.63 _mIRV/M |
||